Instagram For Business For Dummies / (Record no. 36562)

MARC details
000 -LEADER
fixed length control field 00526nam a22001817a 4500
005 - DATE AND TIME OF LATEST TRANSACTION
control field 20240911132657.0
008 - FIXED-LENGTH DATA ELEMENTS--GENERAL INFORMATION
fixed length control field 240911b |||||||| |||| 00| 0 eng d
020 ## - INTERNATIONAL STANDARD BOOK NUMBER
ISBN 9781119439813
082 ## - DEWEY DECIMAL CLASSIFICATION NUMBER
Classification number 658.872
Item number HER-I
100 ## - MAIN ENTRY--AUTHOR
Author Name Herman, Jenn
245 ## - TITLE STATEMENT
Title Instagram For Business For Dummies /
Statement of responsibility, etc. Eric Butow, Corey Walker
260 ## - PUBLICATION, DISTRIBUTION, ETC.
Place of Publication USA:
Name of publisher, distributor, etc. Pearson;
Date of publication, distribution, etc. 2018.
300 ## - PHYSICAL DESCRIPTION
Pages xiv, 285 p. :
500 ## - GENERAL NOTE
General note include index.
650 ## - SUBJECT ADDED ENTRY--TOPICAL TERM
Subject / Department Social Media Marketing for Businesses
700 ## - ADDED ENTRY--PERSONAL NAME
Personal name Eric Butow,
300 ## - PHYSICAL DESCRIPTION
-- ill;
-- 24 cm.
952 ## - LOCATION AND ITEM INFORMATION (KOHA)
-- 0
-- 0
952 ## - LOCATION AND ITEM INFORMATION (KOHA)
-- 0
-- 0
952 ## - LOCATION AND ITEM INFORMATION (KOHA)
-- 0
-- 0
952 ## - LOCATION AND ITEM INFORMATION (KOHA)
-- 0
-- 0
952 ## - LOCATION AND ITEM INFORMATION (KOHA)
-- 0
-- 0
952 ## - LOCATION AND ITEM INFORMATION (KOHA)
-- 0
-- 0
952 ## - LOCATION AND ITEM INFORMATION (KOHA)
-- 0
-- 0
Holdings
Lost status Damaged status Collection code Permanent Location Current Location Shelving Location Date acquired Full Call Number Accession No./Barcode Date last seen Copy number item type Koha item type
    CS/IT Superior Information Resource Center (SIRC) Superior University- Gold Campus Superior Information Resource Center (SIRC) Superior University- Gold Campus Social Media Marketing for Businesses 09/11/2024 658.872 HER-I 2018 19040 09/11/2024 1 BOOK BOOK
    CS/IT Superior Information Resource Center (SIRC) Superior University- Gold Campus Superior Information Resource Center (SIRC) Superior University- Gold Campus Social Media Marketing for Businesses 09/11/2024 658.872 HER-I 2018 19041 04/23/2026 2 BOOK BOOK
    CS/IT Superior Information Resource Center (SIRC) Superior University- Gold Campus Superior Information Resource Center (SIRC) Superior University- Gold Campus Social Media Marketing for Businesses 09/11/2024 658.872 HER-I 2018 19042 09/11/2024 3 BOOK BOOK
    CS/IT Superior Information Resource Center (SIRC) Superior University- Gold Campus Superior Information Resource Center (SIRC) Superior University- Gold Campus Social Media Marketing for Businesses 09/11/2024 658.872 HER-I 2018 19070 09/11/2024 4 BOOK BOOK
    CS/IT Superior Information Resource Center (SIRC) Superior University- Gold Campus Superior Information Resource Center (SIRC) Superior University- Gold Campus Social Media Marketing for Businesses 09/11/2024 658.872 HER-I 2018 19071 09/11/2024 5 BOOK BOOK
    CS/IT Superior Information Resource Center (SIRC) Superior University- Gold Campus Superior Information Resource Center (SIRC) Superior University- Gold Campus Social Media Marketing for Businesses 09/11/2024 658.872 HER-I 2018 19546 09/11/2024 6 BOOK BOOK
    CS/IT Superior Information Resource Center (SIRC) Superior University- Gold Campus Superior Information Resource Center (SIRC) Superior University- Gold Campus Social Media Marketing for Businesses 10/22/2024 658.872 HER-I 2018 19009 10/22/2024 7 BOOK BOOK

Powered by Koha